00631nam a2200205 a 450000100060000000300090000600800410001502000170005604000280007308200180010110000240011924500310014326000340017430000100020865000190021865000190023794200120025699900170026895201400028524003CO-ViMGA141112s2004 ck r 000 u spa d a978607600639 aCO-ViMGAbspacCO-ViMGA04a599.744 P426t1 aPicq, pascal93488410aLos tigres / cPascal Picq aMéxico : bFondo de Cultura a180p.14aFELINOS93488514aTIGRES 934886 2ddccBK c32063d32063 00102ddc40708003aMEVIECARbMEVIECARd2015-12-04h12/oct/2011l0o599.744 P426t p24973r2015-12-04 00:00:00tEj. 1w2015-12-04yBK